000 00297nam a2200121 4500
999 _c9731
_d9731
003 OSt
005 20211223181757.0
008 211223b ||||| |||| 00| 0 eng d
110 _aRangawala
245 _aWater Supply and sanitary engineering
260 _aIndia
_cCharotar Publishing
942 _2ddc